| 000 | 00353nam a2200145Ia 4500 | ||
|---|---|---|---|
| 008 | 230917s9999||||xx |||||||||||||| ||und|| | ||
| 040 |
_e247015 _aMAIN |
||
| 041 | _aEnglish | ||
| 082 | _a347.012 V695H | ||
| 100 | _aVikaram | ||
| 245 | 0 | _aHuman's rights of accused and judicial activism in India | |
| 260 | _c2016 | ||
| 300 | _a153 p. | ||
| 942 | _cTH | ||
| 999 |
_c127974 _d127974 |
||